000
00251 a2200097 4500
020
_a
9687676000
041
_a
spa
100
_a
Primer foro regional
245
_a
analisis de la situacion de los niǫs indigenas y niǫs jornaleros agricolas
942
_c
BK
999
_c
9005
_d
9005